Commentaria Ioannis Matienzo regii senatoris in cancellaria Argentina regni Peru in librum quintum recollectionis legum Hispaniae

Detalles Bibliográficos
Autor principal: Matienzo, Juan de, m. 1587
Otros Autores: Madrigal, Pedro, ed
Formato: Libro
Lenguaje:Latin
Publicado: Mantuae Carpentanae : excudebat Petrus Madrigal, 1597.
Materias:
Colección:Banco de datos
Acervo:Universidad Autónoma Benito Juárez de Oaxaca. Biblioteca Francisco de Burgoa. Colección antigua
Descripción Física:[2], 485, [71] h. ; f°
Tema general:Derecho civil
Notas:Portada tipográfica con escudo en grabado xilográfico. Texto a dos columnas con paginación en números arábigos, reclamos y signaturas. Incluye capitulares con motivos florales en grabado xilográfico. Colofón: Madriti, Ex officina Petri Madrigal. M.D.XCVI. Encuadernación en pergamino. Marca de fuego: Casa del Noviciado de la Compañía de Jesús de Oaxaca, Oax. Marca de fuego: Convento de Santo Domingo. Ex libris manuscrito en la guarda anterior: "Donacion del Illmo. Señor Ortigosa. Diciembre 23 de 1791". Daños por polilla
LEADER 01349nam a22001930004500
035 |a 4054 
041 0 |a lat 
100 1 |a Matienzo, Juan de, m. 1587 
245 1 0 |a Commentaria Ioannis Matienzo regii senatoris in cancellaria Argentina regni Peru in librum quintum recollectionis legum Hispaniae 
260 |a Mantuae Carpentanae : excudebat Petrus Madrigal, 1597. 
300 |a [2], 485, [71] h. ; f° 
500 |a Portada tipográfica con escudo en grabado xilográfico. Texto a dos columnas con paginación en números arábigos, reclamos y signaturas. Incluye capitulares con motivos florales en grabado xilográfico. Colofón: Madriti, Ex officina Petri Madrigal. M.D.XCVI. Encuadernación en pergamino. Marca de fuego: Casa del Noviciado de la Compañía de Jesús de Oaxaca, Oax. Marca de fuego: Convento de Santo Domingo. Ex libris manuscrito en la guarda anterior: "Donacion del Illmo. Señor Ortigosa. Diciembre 23 de 1791". Daños por polilla  
504 |a Al final de la obra está el índice de contenido 
650 1 0 |a Derecho civil 
700 1 |a Madrigal, Pedro, ed. 
852 |a Universidad Autónoma "Benito Juárez" de Oaxaca, Biblioteca Francisco de Burgoa, Colección antigua 11675 
942 |c BURANT 
943 |g Universidad Autónoma Benito Juárez de Oaxaca. Biblioteca Francisco de Burgoa. Colección antigua 
999 |c 1115065  |d 1115065